Educational Thinkers (Record no. 592893)

000 -LEADER
fixed length control field 00599nam a22001337a 4500
040 ## - CATALOGING SOURCE
Transcribing agency NUST
082 ## - DEWEY DECIMAL CLASSIFICATION NUMBER
Classification number 370.152,TAN
100 ## - MAIN ENTRY--PERSONAL NAME
Personal name Taneja, V.R.
9 (RLIN) 106652
245 ## - TITLE STATEMENT
Title Educational Thinkers
Statement of responsibility, etc. V.R. Taneja
260 ## - PUBLICATION, DISTRIBUTION, ETC.
Place of publication, distribution, etc. India
Name of publisher, distributor, etc. Atlantic
Date of publication, distribution, etc. 2004,2006,2011
300 ## - PHYSICAL DESCRIPTION
Extent 183 p.;
505 ## - FORMATTED CONTENTS NOTE
Formatted contents note Plato (Page-1), Jean Jacques Rousseau (Page-9), Friedrich August Froebel (Page-32),Dr Maria Montessori (Page-49), John Dewey (Page-62), Rabindranath Tagore (Page-86), Mahatma Gandhi (Page-97), Aurobindo Ghosh (Page-125), Dr Mohammad Iqbal (Page-151), Dr Zakir Hussain (Page-167).
942 ## - ADDED ENTRY ELEMENTS (KOHA)
Source of classification or shelving scheme
Koha item type Book
Call number prefix 370.152,TAN
Holdings
Withdrawn status Lost status Source of classification or shelving scheme Damaged status Not for loan Permanent Location Current Location Shelving location Date acquired Total Checkouts Full call number Barcode Date last seen Price effective from Koha item type Public note
          Military College of Signals (MCS) Military College of Signals (MCS) General Stacks 01/02/2023   370.152,TAN MCS37727 01/02/2023 01/02/2023 Book Almirah No.54, Shelf No.1
© 2023 Central Library, National University of Sciences and Technology. All Rights Reserved.